<?xml version="1.0" encoding="UTF-8"?>
<record
    xmlns:xsi="http://www.w3.org/2001/XMLSchema-instance"
    xsi:schemaLocation="http://www.loc.gov/MARC21/slim http://www.loc.gov/standards/marcxml/schema/MARC21slim.xsd"
    xmlns="http://www.loc.gov/MARC21/slim">

  <leader>01218cam a2200385 a 4500</leader>
  <datafield tag="999" ind1=" " ind2=" ">
    <subfield code="c">7334</subfield>
    <subfield code="d">7334</subfield>
  </datafield>
  <controlfield tag="001">.b64149419</controlfield>
  <controlfield tag="003">OSt</controlfield>
  <controlfield tag="005">20210408154305.0</controlfield>
  <controlfield tag="008">160118s2015    spc|||| ||||| 000 0 spa|c</controlfield>
  <datafield tag="015" ind1=" " ind2=" ">
    <subfield code="a">LL2016</subfield>
    <subfield code="2">bnc</subfield>
  </datafield>
  <datafield tag="017" ind1=" " ind2=" ">
    <subfield code="a">DL B 20149-2015</subfield>
    <subfield code="b">Biblioteca de Catalunya</subfield>
  </datafield>
  <datafield tag="020" ind1=" " ind2=" ">
    <subfield code="a">9788416418282</subfield>
  </datafield>
  <datafield tag="035" ind1=" " ind2=" ">
    <subfield code="a">(OCoLC)954068318</subfield>
  </datafield>
  <datafield tag="040" ind1=" " ind2=" ">
    <subfield code="a">ES-BaCBU</subfield>
    <subfield code="b">cat</subfield>
    <subfield code="c">ES-BaCBU</subfield>
    <subfield code="d">ES-BaBC</subfield>
  </datafield>
  <datafield tag="043" ind1=" " ind2=" ">
    <subfield code="a">e-sp---</subfield>
  </datafield>
  <datafield tag="080" ind1=" " ind2=" ">
    <subfield code="a">070</subfield>
    <subfield code="x">(460)</subfield>
    <subfield code="x">"19":32</subfield>
    <subfield code="2">2004</subfield>
  </datafield>
  <datafield tag="090" ind1=" " ind2=" ">
    <subfield code="a">PN5317.P6</subfield>
    <subfield code="b">S25 2015</subfield>
  </datafield>
  <datafield tag="100" ind1="1" ind2=" ">
    <subfield code="a">Santos, Luis</subfield>
    <subfield code="q">(Santos Serra)</subfield>
  </datafield>
  <datafield tag="245" ind1="1" ind2="3">
    <subfield code="a">La Prensa que se vendi&#xF3; /</subfield>
    <subfield code="c">Luis Santos</subfield>
  </datafield>
  <datafield tag="260" ind1=" " ind2=" ">
    <subfield code="a">Barcelona :</subfield>
    <subfield code="b">Catarsis,</subfield>
    <subfield code="c">2015</subfield>
  </datafield>
  <datafield tag="300" ind1=" " ind2=" ">
    <subfield code="a">208 p. :</subfield>
    <subfield code="b">il. ;</subfield>
    <subfield code="c">21 cm</subfield>
  </datafield>
  <datafield tag="490" ind1="1" ind2=" ">
    <subfield code="a">Colecci&#xF3;n Catarsis ;</subfield>
    <subfield code="v">104</subfield>
  </datafield>
  <datafield tag="648" ind1=" " ind2="9">
    <subfield code="a">Segle XX</subfield>
    <subfield code="2">thub</subfield>
  </datafield>
  <datafield tag="650" ind1=" " ind2="9">
    <subfield code="a">Govern i premsa</subfield>
    <subfield code="2">thub</subfield>
  </datafield>
  <datafield tag="650" ind1=" " ind2="9">
    <subfield code="a">Mitjans de comunicaci&#xF3; de massa</subfield>
    <subfield code="2">thub</subfield>
  </datafield>
  <datafield tag="650" ind1=" " ind2="9">
    <subfield code="a">Pol&#xED;tica</subfield>
    <subfield code="2">thub</subfield>
  </datafield>
  <datafield tag="650" ind1=" " ind2="9">
    <subfield code="a">Hist&#xF2;ria</subfield>
    <subfield code="2">thub</subfield>
  </datafield>
  <datafield tag="650" ind1=" " ind2="9">
    <subfield code="a">Periodisme</subfield>
    <subfield code="2">thub</subfield>
  </datafield>
  <datafield tag="650" ind1=" " ind2="9">
    <subfield code="a">Transici&#xF3; democr&#xE0;tica espanyola, 1975-1982</subfield>
    <subfield code="2">thub</subfield>
  </datafield>
  <datafield tag="650" ind1=" " ind2="7">
    <subfield code="a">Premsa i pol&#xED;tica</subfield>
    <subfield code="z">Espanya</subfield>
    <subfield code="x">Hist&#xF2;ria</subfield>
    <subfield code="y">S. XX</subfield>
    <subfield code="2">lemac</subfield>
  </datafield>
  <datafield tag="830" ind1=" " ind2="0">
    <subfield code="a">Catarsis ;</subfield>
    <subfield code="v">104</subfield>
  </datafield>
  <datafield tag="907" ind1=" " ind2=" ">
    <subfield code="a">.b64149419</subfield>
    <subfield code="b">18-02-21</subfield>
    <subfield code="c">19-10-15</subfield>
    <subfield code="d">18-01-16</subfield>
    <subfield code="e">m</subfield>
    <subfield code="f">a  </subfield>
    <subfield code="g">-</subfield>
    <subfield code="h">spa</subfield>
    <subfield code="i">spc</subfield>
    <subfield code="j">0</subfield>
    <subfield code="k">0</subfield>
  </datafield>
  <datafield tag="940" ind1=" " ind2=" ">
    <subfield code="a">BC</subfield>
  </datafield>
  <datafield tag="942" ind1=" " ind2=" ">
    <subfield code="2">udc</subfield>
    <subfield code="c">MON</subfield>
  </datafield>
  <datafield tag="952" ind1=" " ind2=" ">
    <subfield code="0">0</subfield>
    <subfield code="1">0</subfield>
    <subfield code="4">0</subfield>
    <subfield code="7">0</subfield>
    <subfield code="a">CDMR</subfield>
    <subfield code="b">CDMR</subfield>
    <subfield code="d">2021-04-08</subfield>
    <subfield code="g">14.00</subfield>
    <subfield code="l">0</subfield>
    <subfield code="o">Dt 13/54</subfield>
    <subfield code="p">CDMR21040011</subfield>
    <subfield code="r">2021-04-08</subfield>
    <subfield code="w">2021-04-08</subfield>
    <subfield code="y">MON</subfield>
  </datafield>
</record>
